Σε αναζήτηση της σημασίας : αφηγηματολογικές προσεγγίσεις σε πεζογραφικά κείμενα του 19ου και του 20ού αιώνα

Αποθηκεύτηκε σε:
Λεπτομέρειες βιβλιογραφικής εγγραφής
Κύριος συγγραφέας: Παπαρούση, Μαρίτα
Μορφή: Βιβλίο
Γλώσσα:Greek
Δημοσίευση: Αθήνα : Μεταίχμιο, 2005
Σειρά:Μελέτες
Θέματα:
Ετικέτες: Προσθήκη ετικέτας
Δεν υπάρχουν, Καταχωρήστε ετικέτα πρώτοι!

MARC

LEADER 00000nam a2200000 i 4500
001 1/28725
008 130419s2005 gre d
020 |a 960-375-815-9 
035 |l 10114246 
040 |a GR-MY-UA  |b gre  |e aacr 
041 0 |a gre 
082 0 |a 889.309  |2 (22) 
100 1 |a Παπαρούση, Μαρίτα. 
245 1 0 |a Σε αναζήτηση της σημασίας :   |b αφηγηματολογικές προσεγγίσεις σε πεζογραφικά κείμενα του 19ου και του 20ού αιώνα /  |c Μαρίτα Παπαρούση.  
260 |a Αθήνα :   |b Μεταίχμιο,   |c 2005 
300 |a 253 σ.;  |c 21 εκ. 
490 1 |a Μελέτες  
504 |a Περιλαμβάνει βιβλιογραφικές παραπομπές και ευρετήριο.  
650 0 0 |a Greek literature  |x History and criticism. 
650 0 0 |a Greek literature, Modern  |y 19th century  |x History and criticism. 
650 0 0 |a Greek literature, Modern  |y 20th century  |x History and criticism. 
830 0 |a Μελέτες 
852 |a INST  |b LESVOS  |c EUDOXUS  |e 20170511  |h 889.309 ΠΑΠ  |p 005100058987  |q 005100058987  |t EDX  |y 0 
852 |a INST  |b RHODES  |c EUDOXUS  |e 20130419  |h 889.309 ΠΑΠ  |p 005400035120  |q 005400035120  |t EDX  |y 0 
852 |a INST  |b RHODES  |c EUDOXUS  |e 20130521  |h 889.309 ΠΑΠ  |p 005400035231  |q 005400035231  |t EDX  |y 0 
901 |a BIBL4-2013-1 
901 |a BIBL4-2013-2 
909 |a Ρ  |b 176650 
909 |a Ρ  |b 176760 
920 |a ΕΥΔΟΞΟΣ  |b ΕΠΙΣΤΡΟΦΗ  |y ΡΟΔΟΣ  |z 2013-04 
920 |a Εύδοξος  |b Επιστροφή  |y Λέσβος  |z 2017-05 
920 |a ΕΥΔΟΞΟΣ  |b ΠΑΡΑΓΓΕΛΙΑ  |y ΡΟΔΟΣ-ΠΤΔΕ  |z 2013-05 
922 |a 4ΕΛΗ 
970 |z 2013/04/19